<?xml version="1.0" encoding="UTF-8"?>
<record
    xmlns:xsi="http://www.w3.org/2001/XMLSchema-instance"
    xsi:schemaLocation="http://www.loc.gov/MARC21/slim http://www.loc.gov/standards/marcxml/schema/MARC21slim.xsd"
    xmlns="http://www.loc.gov/MARC21/slim">

  <leader>00533    a2200181   4500</leader>
  <controlfield tag="003">OSt</controlfield>
  <controlfield tag="005">20260307144113.0</controlfield>
  <controlfield tag="008">260307b        |||||||| |||| 00| 0 eng d</controlfield>
  <datafield tag="020" ind1=" " ind2=" ">
    <subfield code="a">9789364876100</subfield>
  </datafield>
  <datafield tag="040" ind1=" " ind2=" ">
    <subfield code="c">oclc</subfield>
  </datafield>
  <datafield tag="082" ind1=" " ind2=" ">
    <subfield code="a">894.8123</subfield>
    <subfield code="b">AKH/R</subfield>
  </datafield>
  <datafield tag="100" ind1="1" ind2=" ">
    <subfield code="a">Dharmajan, Akhil Pi.,</subfield>
    <subfield code="d">1993-</subfield>
    <subfield code="9">9966</subfield>
  </datafield>
  <datafield tag="245" ind1=" " ind2=" ">
    <subfield code="a">RATHRI PANTHRANDINU SESHAM /</subfield>
    <subfield code="c">Akhil P. Dharmajan</subfield>
  </datafield>
  <datafield tag="250" ind1=" " ind2=" ">
    <subfield code="a">11th Ed.</subfield>
  </datafield>
  <datafield tag="260" ind1=" " ind2=" ">
    <subfield code="a">Kottayam:</subfield>
    <subfield code="b">D C Books.</subfield>
    <subfield code="c">2025,</subfield>
  </datafield>
  <datafield tag="300" ind1=" " ind2=" ">
    <subfield code="a">304 pages</subfield>
  </datafield>
  <datafield tag="942" ind1=" " ind2=" ">
    <subfield code="2">ddc</subfield>
    <subfield code="c">BK</subfield>
    <subfield code="h">894.8123</subfield>
    <subfield code="i">AKH/R</subfield>
    <subfield code="k">894.8123</subfield>
    <subfield code="m">AKH/R</subfield>
  </datafield>
  <datafield tag="952" ind1=" " ind2=" ">
    <subfield code="0">0</subfield>
    <subfield code="1">0</subfield>
    <subfield code="2">ddc</subfield>
    <subfield code="4">0</subfield>
    <subfield code="7">0</subfield>
    <subfield code="8">FIC</subfield>
    <subfield code="a">MES</subfield>
    <subfield code="b">MES</subfield>
    <subfield code="c">MAL</subfield>
    <subfield code="d">2026-03-07</subfield>
    <subfield code="g">380.00</subfield>
    <subfield code="l">1</subfield>
    <subfield code="o">894.8123 AKH/R</subfield>
    <subfield code="p">46149</subfield>
    <subfield code="q">2026-06-15</subfield>
    <subfield code="r">2026-06-01 14:24:34</subfield>
    <subfield code="s">2026-06-01</subfield>
    <subfield code="t">1</subfield>
    <subfield code="v">380.00</subfield>
    <subfield code="w">2026-03-07</subfield>
    <subfield code="y">BK</subfield>
    <subfield code="z">GR24R3</subfield>
  </datafield>
  <datafield tag="952" ind1=" " ind2=" ">
    <subfield code="0">0</subfield>
    <subfield code="1">0</subfield>
    <subfield code="2">ddc</subfield>
    <subfield code="4">0</subfield>
    <subfield code="7">0</subfield>
    <subfield code="8">FIC</subfield>
    <subfield code="a">MES</subfield>
    <subfield code="b">MES</subfield>
    <subfield code="c">MAL</subfield>
    <subfield code="d">2026-03-07</subfield>
    <subfield code="g">380.00</subfield>
    <subfield code="l">1</subfield>
    <subfield code="o">894.8123 AKH/R</subfield>
    <subfield code="p">46150</subfield>
    <subfield code="q">2026-06-15</subfield>
    <subfield code="r">2026-06-01 15:08:42</subfield>
    <subfield code="s">2026-06-01</subfield>
    <subfield code="t">2</subfield>
    <subfield code="v">380.00</subfield>
    <subfield code="w">2026-03-07</subfield>
    <subfield code="y">BK</subfield>
    <subfield code="z">GR24R3</subfield>
  </datafield>
  <datafield tag="952" ind1=" " ind2=" ">
    <subfield code="0">0</subfield>
    <subfield code="1">0</subfield>
    <subfield code="2">ddc</subfield>
    <subfield code="4">0</subfield>
    <subfield code="7">1</subfield>
    <subfield code="8">FIC</subfield>
    <subfield code="a">MES</subfield>
    <subfield code="b">MES</subfield>
    <subfield code="c">MAL</subfield>
    <subfield code="d">2026-03-07</subfield>
    <subfield code="g">380.00</subfield>
    <subfield code="l">0</subfield>
    <subfield code="o">894.8123 AKH/R</subfield>
    <subfield code="p">46151</subfield>
    <subfield code="r">2026-03-07 14:22:28</subfield>
    <subfield code="t">3</subfield>
    <subfield code="v">380.00</subfield>
    <subfield code="w">2026-03-07</subfield>
    <subfield code="y">BK</subfield>
    <subfield code="z">GR24R3</subfield>
  </datafield>
  <datafield tag="999" ind1=" " ind2=" ">
    <subfield code="c">44678</subfield>
    <subfield code="d">44678</subfield>
  </datafield>
</record>
